000 00587nam a2200241 a 4500
001 nice12345678
003 IN_TiNIC
005 20260116012147.0
008 050524s1938 lona grp 000 0 eng
020 _a
_c0
082 0 0 _a303.61
_bRAV
100 _aRaven, Charles E
245 _aWar and the Christian
260 _aLondon
_bMacmillan and Co.
_c1938
300 _a286p
500 _aincludes index and biblioraphy
505 2 _aIndex
650 _aPeace-Religious Aspect-Christianity
700 1 _aRaven, Charles E
902 _bSRS
942 _cBK
999 _c5881
_d5881